000 01552cam a2200277 i 4500
003 SA-RiAUC
005 20251106065458.0
008 251030q19001999su g 000 0 ara c
040 _aJO-AmJU
_bara
_cSA-RiAUC
_erda
082 0 4 _a249.7
_qSA-RiAUC
090 _a249.7
_bن د و
100 1 _aالندوي، علي الحسني،
_d1913-1999
_eمؤلف.
245 1 2 _aالحركات الهدامة :
_bالقاديانية /
_cأبو الحسن علي الحسني الندوي، أبو الأعلى المودودي، محمد الخضر حسين.
264 1 _aمكة المكرمة :
_bرابطة العالم الإسلامي،
_c[بين 1900 و1999]
300 _a131 صفحة ؛
_c17 × 12 سم
336 _aنص
_btxt
_2rdacontent
_3كتاب
337 _aبدون وسيط
_bn
_2rdamedia
338 _aمجلد
_bnc
_2rdacarrier
505 0 _aالمحتويات : الرسالة الأولى : لسماحة الأستاذ السيد أبي الحسن علي الحسني الندوي-الرسالة الثانية : لسماحة الأستاذ السيد أبي الأعلى المودودي-الرسالة الثالث : لسماحة العلامة الأستاذ محمد الخضر حسين.
650 7 _aالقاديانية (فرقة إسلامية)
_2aucsh
650 7 _aالإلحاد والملحدون
_2aucsh
700 1 _aالمودودي، أبو الأعلى،
_d1903-1979
_eمؤلف.
700 0 _aمحمد الخضر حسين،
_d1876-1958
_eمؤلف.
942 _2ddc
_cBOOK
_n0
949 _aSA-JeALM
_d251030
_umohamedma123
_n1
999 _c13034
_d13034